header

Climate and conservation (Record no. 83308)

MARC details
000 -LEADER
fixed length control field 01611nam a2200409Ia 4500
082 04 - DEWEY DECIMAL CLASSIFICATION NUMBER
Classification number 333.95/16
245 00 - TITLE STATEMENT
Title Climate and conservation
260 ## - PUBLICATION, DISTRIBUTION, ETC. (IMPRINT)
Place of publication Washington, DC :
Name of publisher Island Press,
Year of publication c2012.
300 ## - PHYSICAL DESCRIPTION
Number of Pages xviii, 373 p. :
Other physical details ill., maps.
650 #0 - SUBJECT ADDED ENTRY--TOPICAL TERM
Topical Term Biodiversity conservation.
Topical Term Climate change mitigation.
Topical Term Endangered ecosystems.
Topical Term Ecosystem management.
700 1# - ADDED ENTRY--PERSONAL NAME
Personal name Hilty, Jodi A.
Personal name Chester, Charles C.
Personal name Cross, Molly S.
856 40 - ELECTRONIC LOCATION AND ACCESS
Uniform Resource Identifier http://site.ebrary.com/lib/rucke/Doc?id=10582547

No items available.

© 2026 Rongo University
Contact us: librarian | system librarian | Rongo university